Nicaragua: la economía de sobrevivencia
Guardado en:
| Formato: | Texto |
|---|---|
| Lenguaje: | Spanish |
| Materias: | |
| Etiquetas: |
Agregar Etiqueta
Sin Etiquetas, Sea el primero en etiquetar este registro!
|
MARC
| LEADER | 00000 a a2200000 04500 | ||
|---|---|---|---|
| 003 | cru CIDCACS/IIS | ||
| 005 | 20231116154321.0 | ||
| 008 | 231116b |||||||| |||| 00| 0 spa d | ||
| 040 | |c cru CIDCACS/IIS | ||
| 245 | |a Nicaragua: |b la economía de sobrevivencia | ||
| 300 | |a 124 páginas: |b tablas, gráficos, mapa | ||
| 500 | |a Colección Centroamérica | ||
| 650 | 0 | |a ECONOMIA |9 143 | |
| 651 | 0 | |a NICARAGUA |9 1861 | |
| 773 | 0 | |0 43204 |9 5067 |d Hamburgo, Alemania: sin editor |o 23085 |t El Parcial | |
| 942 | |2 ddc |c PP | ||
| 999 | |c 45351 |d 45351 | ||
